Eurovision Song Contest 2013 - Grand Final Results - Statistics

General Stats
  • This quiz has been taken 27 times
    0 since last reset
  • The average score is 0 of 26
Answer Stats
Answer % Correct
Armenia 960px-Flag_of_Armenia.svg.png
0%
Azerbaijan 960px-Flag_of_Azerbaijan.svg.png
0%
Belarus 960px-Flag_of_Belarus.svg.png
0%
Belgium 960px-Flag_of_Belgium.svg.png
0%
Denmark 960px-Flag_of_Denmark.svg.png
0%
Estonia 960px-Flag_of_Estonia.svg.png
0%
Finland 960px-Flag_of_Finland.svg.png
0%
France 960px-Flag_of_France_%281976%E2%80%932020%29.svg.png
0%
Georgia 960px-Flag_of_Georgia.svg.png
0%
Germany 960px-Flag_of_Germany.svg.png?20111003033442
0%
Greece 960px-Flag_of_Greece.svg.png
0%
Hungary 960px-Flag_of_Hungary.svg.png
0%
Iceland 960px-Flag_of_Iceland.svg.png
0%
Ireland 960px-Flag_of_Ireland.svg.png
0%
Italy 960px-Flag_of_Italy.svg.png?20111003040337
0%
Lithuania 960px-Flag_of_Lithuania.svg.png
0%
Malta 960px-Flag_of_Malta.svg.png
0%
Moldova 960px-Flag_of_Moldova.svg.png
0%
Netherlands 960px-Flag_of_the_Netherlands.svg.png
0%
Norway 960px-Flag_of_Norway.svg.png
0%
Romania 960px-Flag_of_Romania.svg.png
0%
Russia 960px-Flag_of_Russia.svg.png?20120812153731
0%
Spain 960px-Flag_of_Spain.svg.png?20160610210450
0%
Sweden 960px-Flag_of_Sweden.svg.png?20240819095330
0%
Ukraine 960px-Flag_of_Ukraine.svg.png
0%
United Kingdom 960px-Flag_of_the_United_Kingdom_%281-2%29.svg.png
0%
No matching quizzes found
Score Distribution
Percent of People with Each Score
Percentile by Number Answered
Your Score History
You have not taken this quiz since the last reset